000 00372nam a2200133Ia 4500
005 20260328101454.0
008 260328s9999||||xx |||||||||||||| ||und||
100 _aHough, Michael
245 0 _aNaturaleza y Ciudad :
_b Planificación Urbana y Procesos tecnológicos /
_cMichael Hough
260 _bGustavo Gili
300 _a315 p.
650 _aDISEÑO URBANO
942 _cBK
999 _c8782
_d8782